000 00620nam a2200229Ia 4500
003 OSt
005 20221007065401.0
006 a|||||r|||| 00| 0
007 ta
008 221006b |||||||| |||| 00| 0 eng d
024 _a44,850
037 _cTextual
040 _aFLL
_cFLL
_beng
041 _2eng
_aeng
082 _aJ:438:(Z73), Q3
100 _aANGELO M.J.
_9686925
245 0 _aLaw and ecology of pesticides and past management
260 _aEngland
_bAshgate
_c2013
300 _axxxi,330p.
_ccm.
942 _hJ:438:(Z73), Q3
_cTEXL
_2CC
999 _c1137160
_d1137160